A brimming spirit Werner von Siemens in letters: a modern entrepreneurial history

Sparad:
Bibliografiska uppgifter
Huvudupphovsman: Siemens, Nathalie von (Författare, medförfattare)
Materialtyp: Bok
Språk:engelska
Publicerad: Berlín Murmann 2016
Upplaga:1a. ed
Ämnen:
Taggar: Lägg till en tagg
Inga taggar, Lägg till första taggen!

MARC

LEADER 00000cam a2200000 a 4500
001 UCC2891
003 CL-VaPUC
008 180323e20160000gw |||||||||||||||||eng|d
020 |a 9783867745628 
082 0 4 |a 658.409  |b SIE  |2 21 
100 0 |a Siemens, Nathalie von  |e author  |9 596895 
245 1 2 |a A brimming spirit Werner von Siemens in letters: a modern entrepreneurial history 
250 |a 1a. ed 
300 |a 199 p 
942 |c BK 
945 |d 20180323 15:33:00  |a arojas 
260 |a Berlín  |b Murmann  |c 2016 
650 7 |a EMPRESARIOS  |2 CL-VaPUC  |9 315086 
650 0 |a Liderazgo  |9 271835 
650 7 |a EMPRENDEDORES  |2 CL-VaPUC  |9 533619 
650 0 |a Exito en los negocios   |9 271740 
583 |a last modification  |c 20180323 15:33:00  |k Rodrigo Vera 
999 |c 370803  |d 370801 
952 |0 0  |1 0  |3 erb  |4 0  |6 658_409000000000000_SIE_2016  |7 0  |8 A  |9 487455  |a BIBGIM  |b BIBGIM  |i 5459850  |o 658.409 SIE 2016  |p 5459850  |r 2025-01-15  |w 2019-11-24  |y BK  |z Catalogado en:20180323  |k GIM